书目信息 |
| 题名: |
九水连心
|
|
| 作者: | 沈磊 编著 | |
| 分册: | ||
| 出版信息: | 北京 中国建筑工业出版社 2025.01 |
|
| 页数: | 259页 | |
| 开本: | 26x27cm | |
| 丛书名: | 城市总规划师与生态城市实践系列作品 | |
| 单 册: | ||
| 中图分类: | TU984.255.3 , TU984.255 | |
| 科图分类: | ||
| 主题词: | 城市规划--cheng shi gui hua--城市建设--浙江省--嘉兴市 | |
| 电子资源: | ||
| ISBN: | 978-7-112-30647-3 | |
| 000 | 01745nam 2200313 450 | |
| 001 | 90162 | |
| 005 | 20250815140955.24 | |
| 010 | @a978-7-112-30647-3@b精装@dCNY308.00 | |
| 100 | @a20250326d2025 em y0chiy50 ea | |
| 101 | 0 | @achi@eeng |
| 102 | @aCN@b110000 | |
| 105 | @aa a 000yy | |
| 106 | @ar | |
| 200 | 1 | @a九水连心@Ajiu shui lian xin@e嘉兴市规划建设总师示范@d= Nine waters converge into one heart@eJiaxing urban planning and construction chief planner demonstration@f沈磊编著@zeng |
| 210 | @a北京@c中国建筑工业出版社@d2025.01 | |
| 215 | @a259页@c彩图@d26x27cm | |
| 225 | 2 | @a城市总规划师与生态城市实践系列作品@Acheng shi zong gui hua shi yu sheng tai cheng shi shi jian xi lie zuo pin |
| 314 | @a沈磊, 教授、博士生导师、中国城市科学研究会总工程师、中国生态城市研究院常务副院长、浙江大学城乡发展与规划创新研究中心主任、WGDO世界绿色设计之都委员会主席、俄罗斯自然科学院院士、国家一级注册建筑师、国家注册规划师。 | |
| 320 | @a有书目 | |
| 330 | @a本书立足于嘉兴建设的时代背景, 以纪实的视角展现了沈磊总师团队在嘉兴的规划实践, 集理论深度、实践创新于一体, 凝聚了中国生态城市研究院沈磊总师团队多年的经验与心血。本书不仅深度剖析了城市总师模式, 更为生态城市的规划建设、城市总体设计行动的实施提供了全面的理论支撑和实践指导。 | |
| 410 | 0 | @12001 @a城市总规划师与生态城市实践系列作品 |
| 510 | 1 | @aNine waters converge into one heart@eJiaxing urban planning and construction chief planner demonstration@zeng |
| 517 | 1 | @a嘉兴市规划建设总师示范@Ajia xing shi gui hua jian she zong shi shi fan |
| 606 | 0 | @a城市规划@Acheng shi gui hua@x城市建设@y浙江省@y嘉兴市 |
| 690 | @aTU984.255.3@v5 | |
| 690 | @aTU984.255@v4 | |
| 701 | 0 | @a沈磊@Ashen lei@4编著 |
| 801 | 0 | @aCN@c20250909 |
| 905 | @a河南城建学院图书馆@dTU984.255@eS403-2@f1 | |
| 九水连心:嘉兴市规划建设总师示范= Nine waters converge into one heart:Jiaxing urban planning and construction chief planner demonstration/沈磊编著.-北京:中国建筑工业出版社,2025.01 |
| 259页:彩图;26x27cm.-(城市总规划师与生态城市实践系列作品) |
| ISBN 978-7-112-30647-3(精装):CNY308.00 |
| 本书立足于嘉兴建设的时代背景, 以纪实的视角展现了沈磊总师团队在嘉兴的规划实践, 集理论深度、实践创新于一体, 凝聚了中国生态城市研究院沈磊总师团队多年的经验与心血。本书不仅深度剖析了城市总师模式, 更为生态城市的规划建设、城市总体设计行动的实施提供了全面的理论支撑和实践指导。 |
| ● |
| 相关链接 |
|
|
|
正题名:九水连心
索取号:TU984.255/S403-2
 
预约/预借
| 序号 | 登录号 | 条形码 | 馆藏地/架位号 | 状态 | 备注 |
| 1 | 1624124 | 216241243 | 建筑库201/201建筑库 96排1列5层/ [索取号:TU984.255/S403-2] | 在馆 |